000 00546nam a2200193 u 4500
005 20240228064144.0
008 140826s2002 es r 000 0 spa d
020 _a8478644245
035 _aUPN01000199158
049 _aI
050 4 _aPZ71
_bS2.23
100 1 _aSánchez, Mireia
_936217
245 1 0 _aDentro del cajón /
_cMireia Sánchez ; il. Pau Estrada.
260 _aMadrid :
_bCombel,
_c2002.
300 _a22 p. :
_bil. col.
440 0 _aCaballo alado.
_pAl paso
650 4 _aLibros y lectura para niños
_92290
905 _aInfantil
999 _c171259
_d171259